La notte è cambiata /

Gardado en:
Detalles Bibliográficos
Autor Principal: Casa, Giuseppe, (1963- ) (Author)
Formato: Libro
Idioma:Lingua italiana
Publicado: Milano : Rizzoli, 2002
Series:La scala. Sintonie ; 10
Tags: Engadir etiqueta
Sen Etiquetas, Sexa o primeiro en etiquetar este rexistro!

MARC

LEADER 00000nam a22000007i 4500
001 IT\ICCU\TO0\1048825
003 ItRI
005 20260115231902.0
008 020306s2002 it |||||| ||||| |||||c
020 |a 8817867403 
040 |b ita  |c importazione bologna sebina 
041 7 |a ita  |2 ISO-639-2 
082 |a 853.92  |9 NARRATIVA ITALIANA, 2000-  |2 21 
100 1 |a Casa, Giuseppe,  |d  (1963- )  |0 IT\ICCU\SBNV\009313  |4 aut 
245 1 3 |a La notte è cambiata /  |c Giuseppe Casa. 
260 |a Milano :  |b Rizzoli,  |c 2002 
300 |a 281 p. ;  |c 20 cm. 
830 3 |a La scala. Sintonie ;  |v 10  |0 IT\ICCU\TO0\0936101 
942 |2 ddc  |c BK  |n 0 
952 |0 0  |1 0  |4 0  |6 DOC_853_920000000000000_CAS  |7 0  |9 15332  |a BO  |b BO  |d 2026-01-15  |i 7349  |l 0  |o DOC 853.92 CAS  |p BO7349  |r 2026-01-15 23:19:02  |w 2026-01-15  |x [Sebina 5] [1 v.]  |y BK  |z 1 v. 
999 |c 13203  |d 13203